Największe dopływy Wisły - Statystyki

Ogólne statystyki
  • Ten quiz został rozwiązany 88 razy
  • Średni wynik to 7 z 9
Statystyki odpowiedzi
odpowiedź % Poprawnych
San
96%
Dunajec
92%
Narew
92%
Pilica
91%
Wisłoka
77%
Wieprz
72%
Brda
62%
Bzura
62%
Raba
47%
Nie znaleziono quizów pasujących do podanych kryteriów
Rozkład punktacji
Procent ludzi z każdym wynikiem
Percentyl według liczby udzielonych odpowiedzi
Twoja historia wyników
Nie rozwiązałeś tego quizu